Inquiry into life
保存先:
| 第一著者: | |
|---|---|
| フォーマット: | 図書 |
| 言語: | Undetermined |
| 出版事項: |
Dubuque, Iowa
WCB
1985
|
| 主題: | |
| タグ: |
タグ追加
タグなし, このレコードへの初めてのタグを付けませんか!
|
| Thư viện lưu trữ: | Trung tâm Học liệu Trường Đại học Cần Thơ |
|---|
| LEADER | 00430nam a2200169Ia 4500 | ||
|---|---|---|---|
| 001 | CTU_8468 | ||
| 008 | 210402s9999 xx 000 0 und d | ||
| 082 | |a 574.072 | ||
| 082 | |b M181 | ||
| 100 | |a Silvia S Mader | ||
| 245 | 0 | |a Inquiry into life | |
| 245 | 0 | |c Silvia S Mader | |
| 260 | |a Dubuque, Iowa | ||
| 260 | |b WCB | ||
| 260 | |c 1985 | ||
| 650 | |a anatomy,physiology | ||
| 980 | |a Trung tâm Học liệu Trường Đại học Cần Thơ | ||